000 01013nam a22002535i 4500
001 167864
003 ES-MaACL
005 20250822062557.0
008 010928q18941895sp |||| | spa d
040 _aCCPB | B
_bspa
_cCCPB | B
100 1 _aWard, Lester F.
_9116081
245 1 0 _aFactores psiquicos de la civilización /
_cpor Lester F. Ward ; traducido del Inglés por P. A. Martín Robles.
260 _aMadrid :
_bLa España Moderna,
_c[s.a.]
300 _a402 p. ;
_c23 cm.
490 1 _aBiblioteca de Jurisprudencia, filosofía é historia
596 1 _aFecha obtenida gracias a la lista de obras de H. Spencer editadas por la editorial La España Moderna que aparece en la última hoja.
650 7 _aPsicología
_2embne
_916540
700 1 1 _aMartín Robles, Pedro Antonio,
_etrad.
_977632
752 _aEspaña -
_dMadrid
830 0 0 _aBiblioteca de jurisprudencia, filosofía e historia
_9180691
852 _aES-MaACL
_jF-14971
_z-- Rúst.
999 _c167864
_d167864